000 00230nam a22000857a 4500
008 161116b xxu||||| |||| 00| 0 eng d
100 _91257
_aBond. R
245 _aAnimals you can`t forget
260 _aNew delhi
_bNational book trust
_c2007
999 _c3960
_d3960